Description of soils at the RRI experiment station (Record no. 56817)

MARC details
000 -LEADER
fixed length control field 00382nam a2200133Ia 4500
100 ## - MAIN ENTRY--AUTHOR NAME
Personal name Akhurst C G
245 #0 - TITLE STATEMENT
Title Description of soils at the RRI experiment station
260 ## - PUBLICATION, DISTRIBUTION, ETC. (IMPRINT)
Name of publisher Journal of the Rubber Research Institute of Malaya
Year of publication 1932
300 ## - PHYSICAL DESCRIPTION
Number of Pages 174-184
650 ## - SUBJECT ADDED ENTRY--TOPICAL TERM
Topical Term Soil classification
700 ## - ADDED ENTRY--PERSONAL NAME
Personal name Haines W B
942 ## - ADDED ENTRY ELEMENTS (KOHA)
Koha item type Journals
Holdings
Withdrawn status Lost status Damaged status Not for loan Home library Current library Shelving location Date acquired Serial Enumeration / chronology Koha item type
      Journals RRII Library RRII Library Soils and agonomy 17/12/2021 Volume 3, Issue 3 Journals